| 000 | 00976cad a22002055a 4500 | ||
|---|---|---|---|
| 001 | L154834 | ||
| 008 | 120123s201 xxk f 000 0 eng d | ||
| 035 | _a(Sirsi) u154834 | ||
| 041 | 0 | _aeng | |
| 110 | 2 |
_aSavills Research _95211 |
|
| 245 | 0 | 0 |
_aPrime regional residential markets _h[electronic resource] |
| 260 | _c2012 | ||
| 490 | 0 |
_aSavills Research Residential Market in Minutes Prime Regional Residential Markets _vJanuary 2012 |
|
| 520 | _aThe prime regional markets saw price falls over the course of 2011 averaging -3.3%. Weak buyer sentiment and a lack of wealth migration from London were key factors for the fall. On a regional basis,l prime regional property prices in the South East proved to be the most robust. | ||
| 590 | _aKA | ||
| 651 | 4 |
_aUnited Kingdom _y |
|
| 690 |
_aResidential property _96266 |
||
| 856 | 4 | 0 |
_uhttps://www.savills.co.uk/research/residential-research.aspx _zView the report after free registration at www.savills.co.uk |
| 942 | _n0 | ||
| 999 |
_c113184 _d113184 |
||